=LDR 00000nam 2200000 4500 =001 000430 =005 20250710040310 =035 ##$$a 0010-0725000292 =007 ta =008 250710################a##########0#ind## =020 ##$$a 978-623-472-023-5 =082 ##$$a 398.209 598 =084 ##$$a 398.209 598 THU h =100 #$$a Thuy, Pam Thu =245 1#$$a Hari yang Sangat Hijau /$c Pham Thu Thuy =250 ##$$a Cetakan Pertama =260 ##$$a Jakarta :$b Badan Pengembangan dan Pembinaan Bahasa,$c 2022 =300 ##$$a 36 hlm. : $b ilus. ; $c 22,9 cm =650 #4$$a CERITA ANAK INDONESIA-TERJEMAHAN-INGGRIS =650 #4$$a LITERASI-BAHAN BACAAN =856 ##$$a TBM AS SUHADA =990 ##$$a TBM01540154